Predictably Irrational (Record no. 12077)

MARC details
000 -LEADER
fixed length control field 00263nam a22000977a 4500
008 - FIXED-LENGTH DATA ELEMENTS--GENERAL INFORMATION
fixed length control field 221018b |||||||| |||| 00| 0 eng d
020 ## - INTERNATIONAL STANDARD BOOK NUMBER
International Standard Book Number 9780007368549
100 ## - MAIN ENTRY--PERSONAL NAME
Personal name Ariely Dan
9 (RLIN) 7581
245 ## - TITLE STATEMENT
Title Predictably Irrational
260 ## - PUBLICATION, DISTRIBUTION, ETC. (IMPRINT)
Place of publication, distribution, etc. USA
Name of publisher, distributor, etc. Harper Collins Publishers
Date of publication, distribution, etc. 2009

No items available.

Powered by Koha